The world Bank Legal review (Record no. 8984)

MARC details
000 -LEADER
fixed length control field 00577nam a22002057a 4500
003 - CONTROL NUMBER IDENTIFIER
control field OSt
005 - DATE AND TIME OF LATEST TRANSACTION
control field 20240627112227.0
008 - FIXED-LENGTH DATA ELEMENTS--GENERAL INFORMATION
fixed length control field 240627b |||||||| |||| 00| 0 eng d
020 ## - INTERNATIONAL STANDARD BOOK NUMBER
International Standard Book Number 0821350641
040 ## - CATALOGING SOURCE
Transcribing agency MUST
082 ## - DEWEY DECIMAL CLASSIFICATION NUMBER
Classification number 340 WOR 2003
100 ## - MAIN ENTRY--PERSONAL NAME
Personal name edited by Ko- Yung Tung
9 (RLIN) 18224
245 ## - TITLE STATEMENT
Title The world Bank Legal review
260 ## - PUBLICATION, DISTRIBUTION, ETC. (IMPRINT)
Place of publication, distribution, etc. Newyork
Name of publisher, distributor, etc. :Kluwer law international
Date of publication, distribution, etc. , C 2003
300 ## - PHYSICAL DESCRIPTION
Extent XIV,660P.
Other physical details ; 24 cm
504 ## - BIBLIOGRAPHY, ETC. NOTE
Bibliography, etc includes index
650 ## - SUBJECT ADDED ENTRY--TOPICAL TERM
Topical term or geographic name as entry element Law and justice for development
9 (RLIN) 18225
700 ## - ADDED ENTRY--PERSONAL NAME
Personal name Rudolf V Van Puymbroeck
9 (RLIN) 18226
942 ## - ADDED ENTRY ELEMENTS (KOHA)
Source of classification or shelving scheme Dewey Decimal Classification
Koha item type Open Shelf
Holdings
Withdrawn status Lost status Source of classification or shelving scheme Damaged status Not for loan Home library Current library Date acquired Source of acquisition Inventory number Total Checkouts Full call number Barcode Date last seen Price effective from Koha item type
    Dewey Decimal Classification     MUST Main Library MUST Main Library 27/06/2024 Purchase 04/21715   340 WOR 2003 2024-21538 27/06/2024 27/06/2024 Open Shelf